[Event "Bank Lviv-open 2016 (C-Open)"]
[Site "Lviv"]
[Date "2016.03.14"]
[Round "5.1"]
[White "Bortnyk, Olexandr"]
[Black "Bortnyk, Mykola"]
[Result "1/2-1/2"]
[WhiteElo "2707"]
[BlackElo "2646"]
[PlyCount "74"]
[EventDate "2016.03.14"]
[EventType "swiss (blitz)"]
[EventRounds "13"]
[EventCountry "UKR"]

1. c4 c5 2. g3 Nc6 3. Bg2 Nf6 4. b3 g6 5. Bb2 Bg7 6. e3 O-O 7. Ne2 d6 8. O-O e5
9. d4 exd4 10. exd4 d5 11. dxc5 dxc4 12. bxc4 Be6 13. Na3 Qa5 14. Nf4 Qxc5 15.
Nxe6 fxe6 16. Qb3 Ng4 17. Bxg7 Nxf2 18. Rxf2 Rxf2 19. Kh1 Kxg7 20. Qxb7+ Ne7
21. Qxa8 Qxa3 22. Qe4 Qc3 23. Re1 Rxa2 24. Qxe6 Nf5 25. g4 Ra1 26. Qd7+ Kh6 27.
Rd1 Rxd1+ 28. Qxd1 Ne3 29. Qg1 Nxg4 30. c5 Qf6 31. Qc1+ g5 32. c6 Qd6 33. Qg1
Qf4 34. Bd5 Ne3 35. c7 Nxd5 36. c8=Q Qf3+ 37. Qg2 Qd1+ 1/2-1/2

[Event "Bank Lviv-open 2016 (C-Open)"]
[Site "Lviv"]
[Date "2016.03.14"]
[Round "5.2"]
[White "Sumets, Andrey"]
[Black "Volokitin, Andrei"]
[Result "1-0"]
[WhiteElo "2527"]
[BlackElo "2590"]
[PlyCount "63"]
[EventDate "2016.03.14"]
[EventType "swiss (blitz)"]
[EventRounds "13"]
[EventCountry "UKR"]

1. d4 Nf6 2. c4 g6 3. Nf3 Bg7 4. e3 c5 5. d5 e6 6. Nc3 exd5 7. cxd5 O-O 8. Be2
d6 9. O-O Na6 10. Re1 Re8 11. Bb5 Bd7 12. Bxd7 Qxd7 13. a4 Nb4 14. e4 c4 15.
Bg5 Nd3 16. Re2 Nh5 17. Qd2 Nc5 18. Rae1 Nxa4 19. Nxa4 Qxa4 20. Bh6 Bh8 21. g4
Nf6 22. h3 c3 23. bxc3 Nxe4 24. Qf4 f5 25. gxf5 gxf5 26. Qxf5 Nf6 27. Re7 Rxe7
28. Rxe7 Qd1+ 29. Kg2 Qxd5 30. Qf4 Qh5 31. Bg5 Nd5 32. Qc4 1-0

[Event "Bank Lviv-open 2016 (C-Open)"]
[Site "Lviv"]
[Date "2016.03.14"]
[Round "5.3"]
[White "Shkuran, Daniil"]
[Black "Vovk, Yuri"]
[Result "1-0"]
[WhiteElo "2429"]
[BlackElo "2702"]
[PlyCount "93"]
[EventDate "2016.03.14"]
[EventType "swiss (blitz)"]
[EventRounds "13"]
[EventCountry "UKR"]

1. e4 d5 2. exd5 Qxd5 3. Nc3 Qd8 4. d4 Nf6 5. Nf3 Bg4 6. Be2 e6 7. O-O c6 8. h3
Bh5 9. a3 Bd6 10. Ne5 Bxe2 11. Qxe2 Nbd7 12. Bg5 Qc7 13. Rfe1 O-O 14. Nxd7 Nxd7
15. Ne4 h6 16. Nxd6 Qxd6 17. Be3 a5 18. a4 Nf6 19. c4 Rfe8 20. Rad1 Qb4 21. Qc2
b5 22. b3 Qd6 23. Bc1 Rab8 24. Bd2 b4 25. Be3 Rb7 26. Qe2 Rd7 27. Qf3 Nh7 28.
Bf4 Qe7 29. Qxc6 Red8 30. d5 Qf6 31. Bc7 exd5 32. Qxf6 Nxf6 33. Bxd8 Rxd8 34.
cxd5 Rd6 35. Re7 Nd7 36. Re8+ Kh7 37. Rd8 Kg6 38. Rc1 Rxd5 39. Rc7 Nf6 40. Rxd5
Nxd5 41. Rc5 Nc3 42. Rxa5 Ne2+ 43. Kf1 Nd4 44. Rb5 Nxb3 45. Rxb4 Nc5 46. a5 f6
47. Rb5 1-0

[Event "Bank Lviv-open 2016 (C-Open)"]
[Site "Lviv"]
[Date "2016.03.14"]
[Round "5.4"]
[White "Bargan, Sergiu"]
[Black "Kovalev, Vladislav"]
[Result "0-1"]
[WhiteElo "2263"]
[BlackElo "2561"]
[PlyCount "88"]
[EventDate "2016.03.14"]
[EventType "swiss (blitz)"]
[EventRounds "13"]
[EventCountry "UKR"]

1. d4 Nf6 2. Nf3 g6 3. c4 Bg7 4. Nc3 O-O 5. e4 d6 6. Be2 e5 7. O-O c6 8. Bg5 h6
9. Be3 exd4 10. Nxd4 Re8 11. Qc2 Qe7 12. Bf3 Nbd7 13. h3 Nc5 14. Rfe1 Bd7 15.
Rad1 Nfxe4 16. Bf4 Qf6 17. Nxe4 Qxf4 18. Nxc5 Rxe1+ 19. Rxe1 dxc5 20. Nb3 Bf5
21. Qe2 Qd6 22. Rd1 Qf8 23. Na5 Rb8 24. b3 Bd4 25. b4 Re8 26. Qd2 Qg7 27. Nxb7
Bc3 28. Qc1 cxb4 29. Nd6 Re6 30. Nxf5 gxf5 31. Qc2 Qe5 32. g4 Rf6 33. Rd8+ Kg7
34. Kg2 fxg4 35. hxg4 Rxf3 36. Rd7 Rf6 37. Qd3 Qf4 38. f3 a5 39. c5 h5 40. gxh5
Qg5+ 41. Kf1 Qxh5 42. Ke2 Qh2+ 43. Kd1 Rg6 44. Re7 Rg1+ 0-1

[Event "Bank Lviv-open 2016 (C-Open)"]
[Site "Lviv"]
[Date "2016.03.14"]
[Round "5.5"]
[White "Kuzubov, Yuriy"]
[Black "Sergeev, Vladimir"]
[Result "1/2-1/2"]
[WhiteElo "2676"]
[BlackElo "2480"]
[PlyCount "119"]
[EventDate "2016.03.14"]
[EventType "swiss (blitz)"]
[EventRounds "13"]
[EventCountry "UKR"]

1. d4 Nf6 2. c4 c6 3. Nc3 d5 4. Nf3 dxc4 5. a4 a5 6. e4 Bg4 7. Be3 e6 8. Bxc4
Bb4 9. Qc2 Nbd7 10. O-O Bxf3 11. gxf3 O-O 12. Rad1 Re8 13. Ne2 Qe7 14. Ng3 h6
15. f4 Ng4 16. h3 Nxe3 17. fxe3 Qh4 18. Kg2 Nf6 19. Qe2 Bf8 20. Rc1 c5 21. e5
Nd7 22. d5 exd5 23. Bxd5 Nb6 24. Ba2 c4 25. Bxc4 Nxc4 26. Rxc4 Rec8 27. Rd1 Qe7
28. Rcd4 Rc7 29. Nf5 Qe6 30. Nd6 Bxd6 31. exd6 Rd7 32. e4 Rc8 33. R1d2 Rc6 34.
e5 f6 35. Qg4 Qxg4+ 36. hxg4 fxe5 37. fxe5 Kf7 38. Rd5 b6 39. Rb5 Ke6 40. b3
Rf7 41. Rf2 Rxf2+ 42. Kxf2 g6 43. Kf3 Rc3+ 44. Ke4 Rc6 45. Kd4 h5 46. gxh5 gxh5
47. Ke3 h4 48. Kf3 Rc3+ 49. Kg2 Rd3 50. Kh2 Kf5 51. d7 Rxd7 52. Kh3 Rd4 53.
Rxb6 Kxe5 54. Rb5+ Kd6 55. Kg2 Kc6 56. Kf2 h3 57. Kg3 Rd3+ 58. Kh2 Rc3 59. Rxa5
Rxb3 60. Rh5 1/2-1/2

[Event "Bank Lviv-open 2016 (C-Open)"]
[Site "Lviv"]
[Date "2016.03.14"]
[Round "5.6"]
[White "Frolov, Artur"]
[Black "Grebeniuk, Semen"]
[Result "1/2-1/2"]
[WhiteElo "2500"]
[BlackElo "2382"]
[PlyCount "48"]
[EventDate "2016.03.14"]
[EventType "swiss (blitz)"]
[EventRounds "13"]
[EventCountry "UKR"]

1. e4 d5 2. exd5 Qxd5 3. d4 e5 4. Nf3 exd4 5. Qxd4 Qxd4 6. Nxd4 Bd7 7. Bf4 Nc6
8. Nxc6 Bxc6 9. Bxc7 Nf6 10. Nc3 Bb4 11. O-O-O Bxc3 12. bxc3 O-O 13. f3 Nd5 14.
Be5 Ne3 15. Rd2 Rfe8 16. Bd4 Nxf1 17. Rxf1 a6 18. c4 f6 19. Kb2 Kf7 20. Rff2
Rac8 21. Rfe2 Rxe2 22. Rxe2 Bd7 23. c5 Be6 24. c3 h5 1/2-1/2

[Event "Bank Lviv-open 2016 (C-Open)"]
[Site "Lviv"]
[Date "2016.03.14"]
[Round "6.1"]
[White "Kovalev, Vladislav"]
[Black "Bortnyk, Olexandr"]
[Result "0-1"]
[WhiteElo "2561"]
[BlackElo "2707"]
[PlyCount "70"]
[EventDate "2016.03.14"]
[EventType "swiss (blitz)"]
[EventRounds "13"]
[EventCountry "UKR"]

1. e4 Nf6 2. e5 Nd5 3. d4 d6 4. Nf3 g6 5. Bc4 Nb6 6. Bb3 Bg7 7. Ng5 e6 8. Qf3
Qe7 9. Ne4 dxe5 10. Bg5 Qb4+ 11. c3 Qa5 12. Bf6 Bxf6 13. Qxf6 O-O 14. Qxe5 Qxe5
15. dxe5 Bd7 16. Nbd2 a5 17. O-O-O Bc6 18. Rhe1 N8d7 19. f4 a4 20. Bc2 a3 21.
b3 Nd5 22. g3 b5 23. Nf3 N7b6 24. Nd4 Bd7 25. Bd3 c6 26. Kc2 Rfc8 27. Nc5 Be8
28. b4 Na4 29. Nxa4 Rxa4 30. Nb3 c5 31. bxc5 b4 32. cxb4 Rxb4 33. Rb1 Ba4 34.
Kd2 Bxb3 35. Rec1 Bxa2 0-1

[Event "Bank Lviv-open 2016 (C-Open)"]
[Site "Lviv"]
[Date "2016.03.14"]
[Round "6.2"]
[White "Bortnyk, Mykola"]
[Black "Sumets, Andrey"]
[Result "1-0"]
[WhiteElo "2646"]
[BlackElo "2527"]
[PlyCount "43"]
[EventDate "2016.03.14"]
[EventType "swiss (blitz)"]
[EventRounds "13"]
[EventCountry "UKR"]

1. e4 e6 2. d4 d5 3. exd5 exd5 4. Bd3 c5 5. c3 Nc6 6. Be3 cxd4 7. cxd4 Bd6 8.
Nc3 Nge7 9. Qf3 O-O 10. Nge2 Be6 11. O-O Qd7 12. h3 Rad8 13. Rad1 a6 14. Rfe1
Bb8 15. Ng3 Rfe8 16. Na4 Ba7 17. Nc5 Bxc5 18. dxc5 d4 19. Bg5 h6 20. Bxh6 gxh6
21. Nh5 Qc7 22. Qf6 1-0

[Event "Bank Lviv-open 2016 (C-Open)"]
[Site "Lviv"]
[Date "2016.03.14"]
[Round "6.3"]
[White "Volokitin, Andrei"]
[Black "Shkuran, Daniil"]
[Result "1-0"]
[WhiteElo "2590"]
[BlackElo "2429"]
[PlyCount "38"]
[EventDate "2016.03.14"]
[EventType "swiss (blitz)"]
[EventRounds "13"]
[EventCountry "UKR"]

1. e4 c5 2. Nf3 e6 3. d4 cxd4 4. Nxd4 a6 5. Bd3 Nc6 6. Nxc6 dxc6 7. O-O e5 8.
f4 Nf6 9. f5 Qd4+ 10. Kh1 Nxe4 11. Bxe4 Qxe4 12. Nc3 Qd4 13. Qe2 f6 14. Qh5+
Ke7 15. Rd1 Qf2 16. b3 Bxf5 17. Be3 Qxe3 18. Qxf5 Rd8 19. Ne4 Rd5 1-0

[Event "Bank Lviv-open 2016 (C-Open)"]
[Site "Lviv"]
[Date "2016.03.14"]
[Round "6.4"]
[White "Sergeev, Vladimir"]
[Black "Vyval, Volodymyr"]
[Result "1-0"]
[WhiteElo "2480"]
[BlackElo "2237"]
[PlyCount "125"]
[EventDate "2016.03.14"]
[EventType "swiss (blitz)"]
[EventRounds "13"]
[EventCountry "UKR"]

1. d4 Nf6 2. Nf3 g6 3. Bg5 Bg7 4. Nbd2 d5 5. e3 O-O 6. Be2 Bg4 7. O-O c6 8. h3
Bxf3 9. Bxf3 Nbd7 10. c4 e6 11. Qc2 h6 12. Bf4 a6 13. b4 Re8 14. Rfd1 Rc8 15.
Rab1 Qe7 16. Qb3 dxc4 17. Nxc4 Nd5 18. Bh2 e5 19. Bxd5 cxd5 20. Nxe5 Nxe5 21.
Bxe5 Bxe5 22. dxe5 Qxe5 23. Rxd5 Qf6 24. Rd3 Red8 25. Rbd1 Rxd3 26. Qxd3 b5 27.
Qe4 h5 28. h4 Kg7 29. g3 Rc4 30. Rd4 Rc1+ 31. Kg2 Rc6 32. Qd5 Re6 33. Rf4 Qb2
34. Qb7 Rf6 35. Rxf6 Qxf6 36. Qe4 Kh7 37. Qd4 Qe6 38. a3 Qc6+ 39. e4 Qe6 40.
Qd5 Qf6 41. Qd7 Kg8 42. Qd5 Kh7 43. e5 Qf5 44. Qf3 Qe6 45. Qe4 Kg7 46. Qd4 Kg8
47. Kf3 Qf5+ 48. Ke3 Qe6 49. Qd6 Qb3+ 50. Kf4 Qxa3 51. Kg5 Qf3 52. Kh6 Qa8 53.
e6 Qf8+ 54. Qxf8+ Kxf8 55. exf7 Kxf7 56. Kg5 Kg7 57. f3 Kf7 58. g4 hxg4 59.
fxg4 Kg7 60. Kf4 Kf6 61. Ke4 Ke6 62. Kf4 Kf7 63. Kg5 1-0

[Event "Bank Lviv-open 2016 (C-Open)"]
[Site "Lviv"]
[Date "2016.03.14"]
[Round "6.5"]
[White "Alexikov, Alexander"]
[Black "Petursson, Margeir"]
[Result "1/2-1/2"]
[WhiteElo "2363"]
[BlackElo "2457"]
[PlyCount "75"]
[EventDate "2016.03.14"]
[EventType "swiss (blitz)"]
[EventRounds "13"]
[EventCountry "UKR"]

1. e4 c5 2. Nf3 d6 3. d4 cxd4 4. Nxd4 Nf6 5. Nc3 g6 6. Be2 Bg7 7. Be3 O-O 8.
O-O Nc6 9. Qd2 Bd7 10. Rad1 Qa5 11. Nb3 Qc7 12. f4 Rfc8 13. Nd5 Nxd5 14. exd5
Nb8 15. c3 Na6 16. Bd4 Bxd4+ 17. Nxd4 Qa5 18. Qe3 Re8 19. f5 Qxd5 20. Bf3 Qe5
21. Qxe5 dxe5 22. fxg6 hxg6 23. Bxb7 exd4 24. Bxa6 e5 25. cxd4 e4 26. Rf6 Rab8
27. Bc4 Re7 28. b3 Kg7 29. Rdf1 Be8 30. d5 Rd8 31. d6 Rb7 32. g4 e3 33. g5 Rbd7
34. Bb5 Rb7 35. Bc4 Rbd7 36. Bb5 Rb7 37. Bc4 Rbd7 38. Re1 1/2-1/2

[Event "Bank Lviv-open 2016 (C-Open)"]
[Site "Lviv"]
[Date "2016.03.14"]
[Round "6.6"]
[White "Budnikov, Oleg"]
[Black "Meleshko, Vladimir"]
[Result "1/2-1/2"]
[WhiteElo "2445"]
[BlackElo "2170"]
[PlyCount "137"]
[EventDate "2016.03.14"]
[EventType "swiss (blitz)"]
[EventRounds "13"]
[EventCountry "UKR"]

1. d4 Nf6 2. c4 e6 3. Nf3 d5 4. Nc3 Be7 5. cxd5 exd5 6. Bg5 O-O 7. e3 Nbd7 8.
Bd3 Re8 9. Qc2 Nf8 10. O-O c6 11. Bxf6 Bxf6 12. b4 Qd6 13. Rab1 a6 14. a4 Ng6
15. Rfc1 Bd7 16. b5 axb5 17. axb5 Bd8 18. bxc6 bxc6 19. Bf5 Bxf5 20. Qxf5 Bc7
21. g3 Re6 22. Qc2 Rf6 23. Kg2 h5 24. Nb5 Qd7 25. Nxc7 Qxc7 26. Rb3 h4 27. Ne1
Qd7 28. Rc3 Rc8 29. Nd3 Qg4 30. Qd1 h3+ 31. Kg1 Qe4 32. Ne1 Nh4 33. Qd3 Nf3+
34. Nxf3 Qxf3 35. Qf1 Rh6 36. R3c2 Ra8 37. Re1 Ra3 38. Rec1 Rf6 39. Qxh3 Rh6
40. Qg2 Qf5 41. h4 Ra6 42. Qf1 Rb6 43. Qg2 Rg6 44. Kh2 Rh6 45. Qh3 Qf3 46. Qc8+
Kh7 47. Qc7 Ra6 48. Qf4 Qh5 49. Kg2 Rf6 50. Qe5 Qf3+ 51. Kg1 g6 52. Qc7 Kg7 53.
Qb7 Ra3 54. Qb2 Rxe3 55. fxe3 Qxg3+ 56. Rg2 Qxe3+ 57. Kh2 Qf4+ 58. Rg3 Qxh4+
59. Kg2 Qe4+ 60. Kg1 Rf5 61. Qd2 Rh5 62. Rg2 Rh3 63. Re1 Qh4 64. Kf1 Rh1+ 65.
Ke2 Qe4+ 66. Kf2 Qh4+ 67. Ke2 Qe4+ 68. Kf2 Qh4+ 69. Ke2 1/2-1/2

[Event "Bank Lviv-open 2016 (C-Open)"]
[Site "Lviv"]
[Date "2016.03.14"]
[Round "7.1"]
[White "Bortnyk, Olexandr"]
[Black "Volokitin, Andrei"]
[Result "1-0"]
[WhiteElo "2707"]
[BlackElo "2590"]
[PlyCount "81"]
[EventDate "2016.03.14"]
[EventType "swiss (blitz)"]
[EventRounds "13"]
[EventCountry "UKR"]

1. d4 Nf6 2. Nc3 d5 3. Bf4 e6 4. Nb5 Na6 5. e3 Be7 6. Nf3 O-O 7. h3 c6 8. Nc3
Qb6 9. a3 c5 10. Be2 Bd7 11. O-O Qxb2 12. Qd2 cxd4 13. Nxd4 Rac8 14. Ncb5 Ne4
15. Qa5 Bxb5 16. Bxb5 Qc3 17. Qxc3 Rxc3 18. Rfb1 Rxa3 19. Rxa3 Bxa3 20. Bf1
Nac5 21. Nb5 Nd2 22. Rd1 Bb4 23. c3 Bxc3 24. Nxc3 Nxf1 25. Kxf1 a6 26. Rb1 b5
27. Bd6 Rc8 28. Nxb5 Ne4 29. Na7 Rd8 30. Rb8 Rxb8 31. Bxb8 Kf8 32. Nc6 Ke8 33.
Be5 f6 34. Bb2 Nd2+ 35. Ke2 Nc4 36. Bc3 e5 37. Nb4 a5 38. Nxd5 a4 39. Kd3 Nd6
40. Bb4 Nb5 41. Nc3 1-0

[Event "Bank Lviv-open 2016 (C-Open)"]
[Site "Lviv"]
[Date "2016.03.14"]
[Round "7.2"]
[White "Sergeev, Vladimir"]
[Black "Bortnyk, Mykola"]
[Result "0-1"]
[WhiteElo "2480"]
[BlackElo "2646"]
[PlyCount "150"]
[EventDate "2016.03.14"]
[EventType "swiss (blitz)"]
[EventRounds "13"]
[EventCountry "UKR"]

1. d4 Nf6 2. Nf3 d6 3. h3 Nbd7 4. Bf4 c5 5. e3 Qb6 6. Qc1 cxd4 7. exd4 g6 8. c3
Bg7 9. Bd3 O-O 10. O-O Re8 11. Re1 Nd5 12. Bh2 e5 13. Na3 Qc7 14. Nb5 Qb8 15.
a4 a6 16. Na3 b6 17. dxe5 dxe5 18. Nc4 Bb7 19. Qc2 Qc7 20. Ng5 b5 21. axb5 axb5
22. Rxa8 Rxa8 23. Nd2 Qc6 24. Bf1 h6 25. Ngf3 Re8 26. Nb3 f5 27. Na5 Qb6 28.
Nxb7 Qxb7 29. Qb3 e4 30. Rd1 N7f6 31. Qxb5 Qxb5 32. Bxb5 Re7 33. Ne5 Kh7 34.
Nc6 Rb7 35. c4 e3 36. fxe3 Nxe3 37. Re1 Ned5 38. Ba6 Rb6 39. Bb5 Ne4 40. b3
Ndc3 41. Be5 Nxb5 42. cxb5 Rxb5 43. Bxg7 Kxg7 44. Nd4 Rb4 45. Rd1 Kf6 46. Kf1
g5 47. Rd3 f4 48. Ke2 h5 49. Kf3 Nc5 50. Rc3 Nd7 51. Nc6 Rb6 52. Ke4 Ra6 53. h4
Ra1 54. hxg5+ Kxg5 55. Nd4 Re1+ 56. Kd5 Nf6+ 57. Kc4 Ne4 58. Rc2 Rb1 59. b4 Kg4
60. b5 h4 61. Kd5 Ng5 62. Kc6 Rb4 63. Rd2 Ne4 64. Rd1 Kg3 65. Ne2+ Kxg2 66.
Nxf4+ Kf3 67. Nd5 Rb2 68. b6 h3 69. b7 h2 70. Nb6 Rc2+ 71. Kb5 Nc3+ 72. Kc4
Nxd1+ 73. Kd3 Rc3+ 74. Kd2 h1=Q 75. b8=Q Qg2+ 0-1

[Event "Bank Lviv-open 2016 (C-Open)"]
[Site "Lviv"]
[Date "2016.03.14"]
[Round "7.3"]
[White "Shevchenko, Kirill"]
[Black "Vovk, Yuri"]
[Result "1-0"]
[WhiteElo "2395"]
[BlackElo "2702"]
[PlyCount "145"]
[EventDate "2016.03.14"]
[EventType "swiss (blitz)"]
[EventRounds "13"]
[EventCountry "UKR"]

1. e4 e6 2. d4 d5 3. Nc3 Bb4 4. e5 c5 5. a3 Bxc3+ 6. bxc3 Ne7 7. Qg4 cxd4 8.
Bd3 dxc3 9. Qxg7 Rg8 10. Qxh7 Nd7 11. Nf3 Qc7 12. Bf4 Nf8 13. Qh6 Bd7 14. O-O
O-O-O 15. Bg3 Nfg6 16. Qe3 Kb8 17. Ng5 Be8 18. Nf3 Nc6 19. Bxg6 Rxg6 20. Qxc3
d4 21. Qd3 Ne7 22. Nh4 Rg7 23. Rad1 a6 24. Qb3 Bb5 25. Rfe1 Bc4 26. Qf3 Nc6 27.
Qf6 Rdg8 28. Nf3 Bd5 29. Nxd4 Nxd4 30. Rxd4 Qxc2 31. Qf4 Qc3 32. Qe3 Qa5 33. h3
Rc8 34. Rc1 Rgg8 35. Rdd1 Ka8 36. Rxc8+ Rxc8 37. Rc1 Rg8 38. Qc3 Qa4 39. Qb4
Qd7 40. Qd6 Qb5 41. Qc5 Qe2 42. Qc2 Qb5 43. Qc5 Qb3 44. Qc3 Qa4 45. Qb4 Qe8 46.
Qc3 Bc6 47. Rd1 Bd5 48. Rc1 Qd8 49. Kh2 Qb6 50. Qc5 Qb2 51. Qc3 Qb5 52. Qc5 Qe2
53. Qc2 Qh5 54. Qd3 Qg5 55. Qe3 Qf5 56. Rc3 Qg6 57. Qc1 Bc6 58. Rxc6 bxc6 59.
Qxc6+ Kb8 60. Qb6+ Kc8 61. Qxa6+ Kc7 62. Qd6+ Kb7 63. Qd7+ Kb6 64. Qd6+ Kb7 65.
Qb4+ Kc6 66. Qc3+ Kd7 67. Qd4+ Ke8 68. Qb4 Kd7 69. Qb7+ Ke8 70. Qc8+ Ke7 71.
Bh4+ f6 72. Bxf6+ Kf7 73. Qd7+ 1-0

[Event "Bank Lviv-open 2016 (C-Open)"]
[Site "Lviv"]
[Date "2016.03.14"]
[Round "7.4"]
[White "Meleshko, Vladimir"]
[Black "Kovalev, Vladislav"]
[Result "0-1"]
[WhiteElo "2170"]
[BlackElo "2561"]
[PlyCount "66"]
[EventDate "2016.03.14"]
[EventType "swiss (blitz)"]
[EventRounds "13"]
[EventCountry "UKR"]

1. e4 e5 2. Nf3 Nc6 3. d4 exd4 4. c3 d5 5. exd5 Qxd5 6. cxd4 Bg4 7. Be2 Bb4+ 8.
Nc3 O-O-O 9. O-O Bxc3 10. bxc3 Nf6 11. Be3 Qd6 12. Rb1 Nd5 13. Qb3 b6 14. Ba6+
Kb8 15. c4 Bxf3 16. gxf3 Nf4 17. Bxf4 Qxf4 18. Qe3 Nxd4 19. Qxf4 Ne2+ 20. Kh1
Nxf4 21. c5 Rd4 22. Bb5 Rhd8 23. a4 Nd5 24. Rbd1 Nc3 25. Rxd4 Rxd4 26. Bc6 bxc5
27. Kg2 Rd1 28. f4 a5 29. f3 Rxf1 30. Kxf1 Ka7 31. Ke1 Kb6 32. Kd2 Kxc6 33.
Kxc3 Kd5 0-1

[Event "Bank Lviv-open 2016 (C-Open)"]
[Site "Lviv"]
[Date "2016.03.14"]
[Round "7.5"]
[White "Sumets, Andrey"]
[Black "Alexikov, Alexander"]
[Result "0-1"]
[WhiteElo "2527"]
[BlackElo "2363"]
[PlyCount "114"]
[EventDate "2016.03.14"]
[EventType "swiss (blitz)"]
[EventRounds "13"]
[EventCountry "UKR"]

1. d4 c6 2. c4 b5 3. cxb5 Qa5+ 4. Nd2 Qxb5 5. e4 Qa5 6. Ngf3 Nf6 7. e5 Nd5 8.
Bc4 Ba6 9. O-O Nb6 10. Bxa6 Nxa6 11. Qe2 Nb4 12. a3 Qa6 13. Qd1 N4d5 14. Ne4 g6
15. h4 h6 16. Re1 Bg7 17. b3 O-O 18. Bd2 Rad8 19. Qc1 Kh7 20. a4 Qd3 21. a5 Na8
22. b4 Nac7 23. Ra3 Qa6 24. h5 Ne6 25. Nc5 Qb5 26. hxg6+ fxg6 27. Nxe6 dxe6 28.
Qb1 Nf4 29. Qe4 Nd5 30. Nh4 Rf5 31. Nxf5 exf5 32. Qb1 e6 33. Rc1 Bf8 34. Ra2
Rb8 35. Rac2 Bxb4 36. Bxb4 Nxb4 37. Rc5 Qb7 38. Qb3 Qd7 39. Qc4 Nd5 40. Rxc6 g5
41. Rd6 Qf7 42. Qc6 Re8 43. Rd7 Re7 44. Rxe7 Qxe7 45. a6 Kg6 46. Qb7 Qa3 47.
Rf1 Nf4 48. Qxa7 Qd3 49. Qa8 Ne2+ 50. Kh2 Nxd4 51. Qg8+ Kh5 52. Qf7+ Kg4 53.
f3+ Kf4 54. Re1 Nxf3+ 55. Kh1 Nxe1 56. Qh5 Qf1+ 57. Kh2 Qxg2# 0-1

[Event "Bank Lviv-open 2016 (C-Open)"]
[Site "Lviv"]
[Date "2016.03.14"]
[Round "7.6"]
[White "Petursson, Margeir"]
[Black "Bargan, Sergiu"]
[Result "0-1"]
[WhiteElo "2457"]
[BlackElo "2263"]
[PlyCount "84"]
[EventDate "2016.03.14"]
[EventType "swiss (blitz)"]
[EventRounds "13"]
[EventCountry "UKR"]

1. c4 Nf6 2. Nc3 d6 3. d4 Nbd7 4. e4 e5 5. Nf3 c6 6. Be2 Be7 7. O-O O-O 8. Re1
Qc7 9. Bf1 Re8 10. h3 Nf8 11. Bg5 Ng6 12. Rc1 h6 13. Be3 Bf8 14. Qc2 a6 15. a3
Nf4 16. c5 g5 17. cxd6 Bxd6 18. dxe5 Bxe5 19. Nxe5 Qxe5 20. Rcd1 c5 21. Na4 Ne6
22. Nb6 Rb8 23. Nc4 Qc7 24. e5 Nd7 25. Qf5 Ng7 26. Qe4 Nxe5 27. Nd6 Re6 28.
Nxc8 Rxc8 29. Qc2 b5 30. a4 c4 31. Bd4 Rd8 32. Bxe5 Rxd1 33. Qxd1 Rxe5 34. Rxe5
Qxe5 35. Qd8+ Kh7 36. Qa5 Qxb2 37. Qxa6 c3 38. Bd3+ f5 39. Qb7 Qc1+ 40. Kh2
Qf4+ 41. Kg1 bxa4 42. Bc2 Qc1+ 0-1

[Event "Bank Lviv-open 2016 (C-Open)"]
[Site "Lviv"]
[Date "2016.03.14"]
[Round "8.1"]
[White "Alexikov, Alexander"]
[Black "Bortnyk, Olexandr"]
[Result "0-1"]
[WhiteElo "2363"]
[BlackElo "2707"]
[PlyCount "78"]
[EventDate "2016.03.14"]
[EventType "swiss (blitz)"]
[EventRounds "13"]
[EventCountry "UKR"]

1. Nf3 b6 2. b3 Bb7 3. Bb2 e6 4. e3 c5 5. Be2 Nf6 6. O-O Be7 7. c4 O-O 8. d3 d5
9. Nbd2 Nc6 10. a3 Rc8 11. Re1 Qc7 12. Qc2 Rfd8 13. Rac1 Qb8 14. Qb1 dxc4 15.
dxc4 Qa8 16. Bc3 Na5 17. b4 cxb4 18. axb4 Nc6 19. Bf1 a5 20. b5 Nb4 21. Nd4 Qb8
22. Red1 Ng4 23. g3 Ne5 24. Ba1 Nbd3 25. Bxd3 Nxd3 26. Qxd3 e5 27. Qf5 exd4 28.
Bxd4 Ba8 29. f3 a4 30. Kf2 a3 31. h4 Bf8 32. h5 h6 33. Ne4 Bxe4 34. Qxe4 Qa7
35. Ba1 Rxd1 36. Rxd1 Qa4 37. Rd4 Qb3 38. Qf5 Qa2+ 39. Kg1 Qxa1+ 0-1

[Event "Bank Lviv-open 2016 (C-Open)"]
[Site "Lviv"]
[Date "2016.03.14"]
[Round "8.2"]
[White "Bortnyk, Mykola"]
[Black "Vorontsov, Pavlo"]
[Result "0-1"]
[WhiteElo "2646"]
[BlackElo "2327"]
[PlyCount "102"]
[EventDate "2016.03.14"]
[EventType "swiss (blitz)"]
[EventRounds "13"]
[EventCountry "UKR"]

1. e4 d5 2. exd5 Qxd5 3. Nc3 Qd6 4. d4 Nf6 5. Bd3 g6 6. Nge2 c6 7. Bf4 Qd8 8.
Qd2 Bg7 9. Bh6 O-O 10. Bxg7 Kxg7 11. f3 c5 12. dxc5 Nbd7 13. Ne4 Qc7 14. b4 b6
15. cxb6 axb6 16. Qc3 Qxc3+ 17. N2xc3 Bb7 18. Nxf6 exf6 19. O-O-O Ne5 20. Kb2
Rfc8 21. Rhe1 h5 22. Re2 h4 23. f4 Nxd3+ 24. cxd3 Re8 25. Rxe8 Rxe8 26. Rd2 g5
27. fxg5 fxg5 28. a4 f5 29. d4 Kf6 30. d5 Rd8 31. Re2 Rd6 32. Ka3 g4 33. g3
hxg3 34. hxg3 Bxd5 35. Rd2 Ke5 36. Re2+ Kf6 37. a5 bxa5 38. bxa5 Bf3 39. Rb2
Rd3 40. Kb4 Ba8 41. Ne2 Ke5 42. a6 Ke4 43. Kc5 Kf3 44. a7 Rd5+ 45. Kb6 Re5 46.
Nd4+ Kxg3 47. Kc7 f4 48. Rb8 Be4 49. Ne2+ Kf3 50. Nc3 Rc5+ 51. Kd6 Rxc3 0-1

[Event "Bank Lviv-open 2016 (C-Open)"]
[Site "Lviv"]
[Date "2016.03.14"]
[Round "8.3"]
[White "Kovalev, Vladislav"]
[Black "Shevchenko, Kirill"]
[Result "1-0"]
[WhiteElo "2561"]
[BlackElo "2395"]
[PlyCount "103"]
[EventDate "2016.03.14"]
[EventType "swiss (blitz)"]
[EventRounds "13"]
[EventCountry "UKR"]

1. d4 Nf6 2. Nc3 d5 3. Bf4 e6 4. Nb5 Na6 5. e3 c6 6. Nc3 Nc7 7. Nf3 Bd6 8. Ne5
O-O 9. Bd3 Nce8 10. Qf3 c5 11. dxc5 Bxc5 12. g4 d4 13. O-O-O Qe7 14. exd4 Bxd4
15. Bxh7+ Nxh7 16. Rxd4 Nc7 17. Rhd1 Nd5 18. Nxd5 exd5 19. Rxd5 Be6 20. Rd6 Nf6
21. Bg5 Rac8 22. c3 Rc7 23. Qd3 Rfc8 24. Rd8+ Rxd8 25. Qxd8+ Qxd8 26. Rxd8+ Kh7
27. h3 Ne4 28. Be3 Bxa2 29. Nd7 Kg6 30. Nf8+ Kf6 31. Ra8 a6 32. Bd4+ Ke7 33.
Bxg7 Nxf2 34. Nh7 Nd3+ 35. Kc2 Nb4+ 36. Kd2 Rd7+ 37. Ke3 Nd5+ 38. Kf2 Kd6 39.
Bd4 Bb1 40. Ng5 f6 41. Nf3 Rh7 42. Kg3 Be4 43. Nd2 Bd3 44. Rf8 Ke7 45. Rb8 Kd6
46. c4 Nb4 47. Bxf6 Nc6 48. Rh8 Rf7 49. Rh6 Kc5 50. Bc3 Bxc4 51. Ne4+ Kb6 52.
Nd6 1-0

[Event "Bank Lviv-open 2016 (C-Open)"]
[Site "Lviv"]
[Date "2016.03.14"]
[Round "8.4"]
[White "Bargan, Sergiu"]
[Black "Kuzubov, Yuriy"]
[Result "0-1"]
[WhiteElo "2263"]
[BlackElo "2676"]
[PlyCount "80"]
[EventDate "2016.03.14"]
[EventType "swiss (blitz)"]
[EventRounds "13"]
[EventCountry "UKR"]

1. d4 Nf6 2. Nf3 d5 3. c4 e6 4. cxd5 exd5 5. Nc3 c6 6. Bg5 Bf5 7. e3 Nbd7 8.
Bd3 Bxd3 9. Qxd3 Be7 10. O-O O-O 11. Rab1 a5 12. Rbc1 Re8 13. Rfd1 Ne4 14. Bxe7
Qxe7 15. Nd2 Nd6 16. Na4 g6 17. Nc5 Nf6 18. h3 a4 19. Qa3 Nb5 20. Qd3 b6 21.
Nxa4 Rxa4 22. Rxc6 Nd6 23. a3 b5 24. Nf3 Nc4 25. Qb3 Ra5 26. Qc3 Ne4 27. Qc2
Qd7 28. Ne5 Rxe5 29. Rxc4 bxc4 30. dxe5 Qe6 31. f3 Nc5 32. Qc3 Rb5 33. Kh2 Rb3
34. Qd4 Nd3 35. f4 Nxb2 36. Rb1 Qb6 37. Qxd5 Rd3 38. Qa8+ Kg7 39. e6 Qxe3 40.
Rxb2 Qg3+ 0-1

[Event "Bank Lviv-open 2016 (C-Open)"]
[Site "Lviv"]
[Date "2016.03.14"]
[Round "8.5"]
[White "Volokitin, Andrei"]
[Black "Budnikov, Oleg"]
[Result "1-0"]
[WhiteElo "2590"]
[BlackElo "2445"]
[PlyCount "65"]
[EventDate "2016.03.14"]
[EventType "swiss (blitz)"]
[EventRounds "13"]
[EventCountry "UKR"]

1. e4 c5 2. Nf3 e6 3. d4 cxd4 4. Nxd4 a6 5. Bd3 Bc5 6. Nb3 Be7 7. Qg4 g6 8. Qe2
d6 9. O-O Nd7 10. a4 b6 11. Na3 Bb7 12. a5 b5 13. c4 bxc4 14. Nxc4 Ngf6 15. Bh6
Rc8 16. Rfd1 Qc7 17. Rac1 Qb8 18. Nb6 Rxc1 19. Rxc1 Nxb6 20. axb6 Nd7 21. Bxa6
Bxa6 22. Qxa6 Qxb6 23. Rc8+ Bd8 24. Qc4 Ne5 25. Qa4+ Ke7 26. h3 Qb7 27. Ra8 Qc6
28. Ra7+ Kf6 29. Qd4 Bb6 30. Qd2 Nf3+ 31. gxf3 e5 32. Qg5+ Ke6 33. Qe7# 1-0